000 00660nam a2200229Ia 4500
005 20250108125006.0
008 008 250107s9999 xx 000 0 eng d
020 _a978-93-89598-78-0
037 _aTB
040 _aCRL
_beng
_cCRL
041 _aeng
_2eng
084 _aY72:351.245K 152Q7
084 _qCRL
100 _aShankardevananda Au.
_9730240
245 0 _aYogic management of asthma and diabetes
_cShankardevananda Au.
260 _aBihar, India
_bYoga Publications
_c2918
300 _aviii,301p.
365 _aINR
_b395
650 _aASTHMAYOGA
_9730241
942 _cTB
_hY72:351.245K 152Q7
999 _c1235306
_d1235306